header

Middle world / (Record no. 266235)

MARC details
000 -LEADER
fixed length control field 00214nam a22000977a 4500
020 ## - INTERNATIONAL STANDARD BOOK NUMBER
ISBN 9780545397155
100 ## - MAIN ENTRY--AUTHOR NAME
Personal name J. & P. Voelkel.
245 ## - TITLE STATEMENT
Title Middle world /
260 ## - PUBLICATION, DISTRIBUTION, ETC. (IMPRINT)
Place of publication New York
Name of publisher Scholastic
Year of publication 2010
942 ## - ADDED ENTRY ELEMENTS (KOHA)
Koha item type Long Loan Books
Holdings
Withdrawn status Lost status Collection code Home library Current library Shelving location Date acquired Accession Number Koha item type
    Fiction Rongo University Library Rongo University Library Children's Area 22/04/2026 CL20250260 Long Loan Books

© 2026 Rongo University
Contact us: librarian | system librarian | Rongo university